000 00794nam a2200205Ia 4500
008 0000001981 sp a 0000000000spa00
090 _aPSP00 L67a
100 1 _aLorenzo, Antonio.
245 1 0 _aAntonio Lorenzo
300 _a[16] p.
_c/ 22 cm.
440 _aColección Arte Actual ; 66
500 _aExposición realizada en la Galería Kreisler Dos, Madrid, febrero y marzo de 1981\ Con el patronazgo del maestro venezolano Jesús Rafael Soto (q.e.p.d.) \ Registro auspiciado por el IDCT. Bogotá
600 0 0 _a LORENZO, ANTONIO /
_xTRABAJOS PICTORICOS
650 1 4 _a PINTORES ESPAÑOLES
650 1 4 _aARTISTAS PLASTICOS ESPAÑOLES
650 1 4 _xCATALOGOS
650 1 4 _xEXPOSICIONES
650 1 4 _aPINTURA ESPAÑOLA
999 _c3637
_d3637
260 _aMadrid : Galería Kreisler Dos
_c1981